Criminal love?: (Record no. 151269)

MARC details
000 -LEADER
fixed length control field 00660nam a22001937a 4500
005 - DATE AND TIME OF LATEST TRANSACTION
control field 20180417102906.0
010 ## - LCCN (DPL NO)
LC control number ENG-122632
020 ## - INTERNATIONAL STANDARD BOOK NUMBER
Terms of availability 450.00
International Standard Book Number 9789386446497
035 ## - SYSTEM CONTROL NUMBER
System control number EN-106164
037 ## - SOURCE OF ACQUISITION
Source of stock number/acquisition DBAD/PUB
082 ## - DEWEY DECIMAL CLASSIFICATION NUMBER
Classification number 306.766054
100 ## - MAIN ENTRY--PERSONAL NAME
Personal name Rao,R.Raj
245 ## - TITLE STATEMENT
Title Criminal love?:
Statement of responsibility, etc by R.Raj Rao
Remainder of title Queer theory,culture,and politics in india /
260 ## - PUBLICATION, DISTRIBUTION, ETC. (IMPRINT)
Date of publication, distribution, etc 2017
Place of publication, distribution, etc New Delhi
Name of publisher, distributor, etc Sage Publications India Ltd.
270 ## - ADDRESS
Address B1/1-1 Mohan Cooperative Industrial Area,Mathura Road,
City New Delhi
Postal code 110044
Electronic mail address www.sagepub.in
300 ## - PHYSICAL DESCRIPTION
Dimensions 21cm(pbk)
Extent 163P.
500 ## - GENERAL NOTE
General note It includes bibliographic index
942 ## - ADDED ENTRY ELEMENTS (KOHA)
Item type English Books
Source of classification or shelving scheme Dewey Decimal Classification
Call number suffix RAO
Classification part 306.7660954
Holdings
Withdrawn status Lost status Not for loan Collection code Home library Current library Date acquired Source of acquisition Cost, normal purchase price Full call number Barcode Copy number Cost, replacement price Koha item type
    Not For Loan Non-fiction D.B.Act.Division Patel Nagar 17/04/2018 DBAD/PUB 450.00 306.7660954 RAO EN-106164 1 450.00 English Books

© Delhi Public Library
Hit Counter
free hit counter